Mapa dels equipaments socioculturals de Caldes de Montbui : octubre 2002 - setembre 2003 / equip investigador: Xavier Carbonell,... [et al.] ; tutors: Moisés Carmona, Rubén Fernández octubre 2002 - setembre 2003 / equip investigador:
Descripción Física:
54 p. : gràf., taules ; 30 cm
Otros Autores:
Carbonell, Xavier
,
Carmona, Moisés
,
Fernández, Rubén
,
Universitat Autònoma de Barcelona
MARC
| LEADER | 00000nam a2200000Ia 4500 | ||
|---|---|---|---|
| 001 | 20619 | ||
| 008 | 160829s2003 xx 000 0 cat d | ||
| 080 | |a M-6-67 | ||
| 245 | |a Mapa dels equipaments socioculturals de Caldes de Montbui : |b octubre 2002 - setembre 2003 / equip investigador: |b Xavier Carbonell,... [et al.] ; tutors: |b Moisés Carmona, Rubén Fernández | ||
| 260 | |a Barcelona : |b Universitat Autònoma de Barcelona, |c 2003 | ||
| 300 | |a 54 p. : |b gràf., taules ; |c 30 cm | ||
| 590 | |a Prové de G-226 | ||
| 650 | |a Equipaments culturals |x Caldes de Montbui |9 47658 | ||
| 700 | |a Carbonell, Xavier |9 47659 | ||
| 700 | |a Carmona, Moisés |9 47660 | ||
| 700 | 1 | |a Fernández, Rubén |9 47661 | |
| 700 | |a Universitat Autònoma de Barcelona |9 17832 | ||
| 901 | |a Arxiu | ||
| 942 | |n 1 | ||
| 952 | |0 0 |1 0 |4 0 |6 M667 |7 1 |9 54018 |a Arxiu |b Arxiu |d 2016-12-01 |l 0 |o M-6-67 |p 20619 |r 2016-12-01 00:00:00 |w 2016-12-01 |y ARXIU | ||
| 999 | |c 57886 |d 57886 | ||